Entrenamiento de equipos deportivos
Gespeichert in:
| 1. Verfasser: | |
|---|---|
| Format: | Buch |
| Sprache: | Spanisch |
| Veröffentlicht: |
Barcelona
Paidotribo
2009
|
| Ausgabe: | 1a. ed |
| Schlagworte: | |
| Tags: |
Tag hinzufügen
Keine Tags, Fügen Sie den ersten Tag hinzu!
|
MARC
| LEADER | 00000nam a2200000 a 4500 | ||
|---|---|---|---|
| 001 | UCH7413 | ||
| 003 | CL-VaPUC | ||
| 008 | 091112e20090000SP |||||||||||||||||spa|d | ||
| 020 | |a 9788480195355 | ||
| 082 | 0 | 4 | |a 796.077 |b BOM |2 21 |
| 100 | 0 | |a Bompa, Tudor O |e author |9 543826 | |
| 245 | 1 | 0 | |a Entrenamiento de equipos deportivos |
| 250 | |a 1a. ed | ||
| 300 | |a 365 p | ||
| 942 | |c BK | ||
| 945 | |d 20091112 00:00:00 |a cmena | ||
| 260 | |a Barcelona |b Paidotribo |c 2009 | ||
| 650 | 7 | |a ENTRENAMIENTO ATLETICO |2 CL-VaPUC |9 543827 | |
| 650 | 0 | |a Velocidad |9 311814 | |
| 650 | 7 | |a RESISTENCIA FISICA |2 CL-VaPUC |9 387908 | |
| 650 | 0 | |a Fatiga |9 352569 | |
| 650 | 7 | |a DEPORTES EN EQUIPO |2 CL-VaPUC |9 542338 | |
| 650 | 0 | |a Fuerza |9 345825 | |
| 650 | 7 | |a POTENCIA |2 CL-VaPUC |9 543828 | |
| 583 | |a last modification |c 20091112 00:00:00 |k Rodrigo Vera | ||
| 999 | |c 338011 |d 338009 | ||
| 952 | |0 0 |1 0 |4 0 |6 796_077000000000000_BOM_2009 |7 0 |8 A |9 430790 |a BIBEDU |b BIBEDU |d 2019-11-22 |i 4608542 |o 796.077 BOM 2009 |p 4608542 |r 2019-11-22 |w 2019-11-22 |y BK |k EFI | ||
| 952 | |0 0 |1 0 |4 0 |6 796_077000000000000_BOM_2009 |7 0 |8 A |9 430791 |a BIBEDU |b BIBEDU |d 2019-11-22 |i 4608534 |o 796.077 BOM 2009 |p 4608534 |r 2019-11-22 |w 2019-11-22 |y BK |k EFI | ||
| 952 | |0 0 |1 0 |4 0 |6 796_077000000000000_BOM_2009 |7 0 |8 C |9 430792 |a BIBCUR |b BIBCUR |d 2019-11-22 |i 4712315 |o 796.077 BOM 2009 |p 4712315 |r 2025-04-22 |w 2019-11-22 |y BK |k DEN | ||
| 952 | |0 0 |1 0 |4 0 |6 796_077000000000000_BOM_2009 |7 0 |8 A |9 430793 |a BIBEDU |b BIBEDU |d 2019-11-22 |i 4733002 |o 796.077 BOM 2009 |p 4733002 |r 2019-11-22 |w 2019-11-22 |y BK |k EFI | ||